| 000 | 00645nam a2200193 i 4500 | ||
|---|---|---|---|
| 001 | 78524 | ||
| 003 | ES-MaACL | ||
| 007 | t| | ||
| 008 | 041014s1982 sp ||||1| spa d | ||
| 100 | 1 |
_aHarré, Rom. _961890 |
|
| 245 | 1 | 3 |
_aEl ser social _b: una teoría para la psicología social / _cRom Harré ; versión de José Luis Rodríguez López. |
| 260 |
_a[Madrid] : _bAlianza, _c[1982] |
||
| 300 |
_a425 p. ; _c23 cm. |
||
| 490 | 1 |
_aAlianza universidad. Textos ; _v51 |
|
| 700 | 1 |
_aRodríguez López, José Luis. _998610 |
|
| 830 | 0 |
_aAlianza universidad. Textos ; _v51 _9177885 |
|
| 852 |
_aES-MaACL _jL-3843 _bR.104422 |
||
| 999 |
_c78524 _d78524 |
||